|
|
|
|
| LEADER |
00939nam a2200217 a 4500 |
| 001 |
GR-Patra21456 |
| 008 |
070426s1992 gr g 000 0 gre d |
| 020 |
|
|
|a 9963753612
|
| 040 |
|
|
|a GrPaTEI
|b gre
|c GR-PaULI
|
| 040 |
|
|
|a GrPaTEI
|b gre
|c GR-PaULI
|
| 082 |
|
0 |
|a 956.93
|2 21
|
| 100 |
1 |
|
|a Πολυδώρου, Ανδρέας Π.
|
| 245 |
1 |
0 |
|a Ιστορία της Κύπρου :
|b για την Ε' και την ΣΤ' Δημοτικού /
|c Ανδρέα Π. Πολυδώρου.
|
| 250 |
|
|
|a 4η εκδ.
|
| 260 |
|
|
|a Λευκωσία :
|b [Τ. Βασιλείου και Υιοί],
|c 1992
|
| 300 |
|
|
|a 143 σ. :
|b εικ.
|
| 651 |
|
4 |
|a Κύπρος
|x Ιστορία
|
| 942 |
|
|
|2 ddc
|
| 952 |
|
|
|0 0
|1 0
|2 ddc
|4 0
|6 956_930000000000000_ΠΟΛ
|7 0
|9 301769
|a LISK
|b LISK
|c BSC
|d 2021-01-17
|e 24
|f 0
|g 0.00
|l 0
|o 956.93 ΠΟΛ
|p 92410011654
|r 2021-01-17 00:00:00
|t 1
|w 2021-01-17
|y BK15
|x 20070426 0 1
|x GrPaTEI
|
| 971 |
|
|
|a .b26690299
|b 08-10-20
|c 26-09-16
|
| 999 |
|
|
|c 175427
|d 175427
|